[Event "European Blitz 2022"]
[Site "Katowice POL"]
[Date "2022.12.16"]
[Round "13.89"]
[White "Adamczewski, Maciej"]
[Black "Gretarsson, Helgi Ass"]
[Result "1-0"]
[BlackTitle "GM"]
[WhiteElo "2071"]
[BlackElo "2451"]
[WhiteFideId "1148702"]
[BlackFideId "2300699"]
[EventDate "2022.12.16"]

1. d4 Nf6 2. c4 Nc6 3. Nf3 e6 4. Nc3 Bb4 5. Qc2 d6 6. a3 Bxc3+ 7. Qxc3 Qe7 8.
Qc2 O-O 9. Bg5 h6 10. Bh4 g5 11. Nxg5 hxg5 12. Bxg5 Nxd4 13. Qc3 e5 14. Qg3 Ne4
15. Bxe7+ Nxg3 16. hxg3 Bf5 17. Rd1 Rfe8 18. Bf6 Bh7 19. e3 Re6 20. Bg5 Nb3 21.
Bd3 Bxd3 22. Rxd3 Nc5 23. Rd1 Rg6 24. Bh4 f6 25. b4 Ne6 26. f3 a5 27. b5 f5 28.
b6 Rc8 29. O-O Ng7 30. bxc7 Rxc7 31. Rd5 Rxc4 32. Rxa5 Ne6 33. Be7 Nc5 34. Rd1
Rxg3 35. Kh2 Rg7 36. Bxd6 Rc2 37. Rg1 Nd7 38. Bxe5 Rg6 39. Bf4 Kf7 40. Rxf5+ Ke6
41. Rb5 Rc8 42. Rd1 Ke7 43. Rxb7 Rd8 44. a4 Ke8 45. a5 Ra6 46. Rd5 1-0

[Event "European Blitz 2022"]
[Site "Katowice POL"]
[Date "2022.12.16"]
[Round "13.90"]
[White "Dubnevych, Maksym"]
[Black "Piesik, Piotr"]
[Result "0-1"]
[BlackTitle "IM"]
[WhiteElo "2139"]
[BlackElo "2420"]
[WhiteFideId "14184001"]
[BlackFideId "1136194"]
[EventDate "2022.12.16"]

1. d4 c5 2. d5 e5 3. e4 d6 4. g3 Be7 5. Bg2 Bg5 6. Nd2 b5 7. h3 Ne7 8. Ne2 O-O
9. O-O f5 10. f4 Bf6 11. c4 a6 12. Rb1 Nd7 13. Qb3 Rb8 14. Qd3 exf4 15. gxf4 Nb6
16. b3 fxe4 17. Nxe4 Nf5 18. Ng5 Qe8 19. Bd2 h6 20. Ne4 Qd8 21. N2g3 Nxg3 22.
Nxg3 Bd7 23. Rbe1 bxc4 24. bxc4 Qc7 25. Nh5 Bd4+ 26. Kh2 Rbe8 27. Qg6 Rxe1 28.
Rxe1 Bf5 29. Qg3 Nxc4 30. Bc3 Qf7 31. Bxd4 cxd4 32. Bf3 d3 33. Bg4 d2 34. Rg1
Bxg4 35. Qxg4 Ne3 36. Qxg7+ Qxg7 37. Rxg7+ Kh8 38. Rg6 d1=Q 39. Rxh6+ Kg8 40.
Rg6+ Kf7 41. Rf6+ Ke7 42. Re6+ Kd7 43. Rxe3 Qd2+ 0-1

[Event "European Blitz 2022"]
[Site "Katowice POL"]
[Date "2022.12.16"]
[Round "13.91"]
[White "Plaskan, Jure"]
[Black "Herega, Nejc"]
[Result "1-0"]
[WhiteElo "2241"]
[BlackElo "2164"]
[WhiteFideId "14605252"]
[BlackFideId "14634058"]
[EventDate "2022.12.16"]

1. e4 c5 2. Nf3 d6 3. d4 cxd4 4. Nxd4 Nf6 5. Nc3 a6 6. Bc4 e6 7. a4 Nc6 8. Be3
Be7 9. O-O O-O 10. Qe2 Qc7 11. Bb3 Nxd4 12. Bxd4 b6 13. e5 dxe5 14. Bxe5 Qc6 15.
Rad1 Bb7 16. f3 Rfd8 17. Kh1 Nd7 18. Bg3 Nc5 19. Bf2 Bf6 20. Qe3 Rac8 21. Rxd8+
Rxd8 22. a5 Nxb3 23. cxb3 bxa5 24. Ne4 Bxb2 25. Qg5 Rc8 26. Qxa5 Qc2 27. Qb6 Bd5
28. Nd6 Rf8 29. Bc5 Qxb3 30. Qxb3 Bxb3 31. Rb1 a5 32. Rxb2 a4 33. Ba3 Rd8 34. h4
h5 35. Kg1 Rd7 36. Kf2 Rc7 37. Rd2 Rc2 38. Rxc2 Bxc2 39. Ke3 Bb3 40. Nb5 f6 41.
Nd4 Bd5 42. g3 g5 43. hxg5 fxg5 44. Be7 g4 45. f4 Kf7 46. Ba3 Kg6 47. Nb5 h4 48.
gxh4 Kh5 49. Be7 Bc6 50. Na3 Bd5 51. Kf2 Bb3 52. Kg3 Bd5 53. Nc2 Bb3 54. Ne3 1-0

[Event "European Blitz 2022"]
[Site "Katowice POL"]
[Date "2022.12.16"]
[Round "13.92"]
[White "Pein, Malcolm"]
[Black "Pidluznij, Gleb"]
[Result "0-1"]
[WhiteTitle "IM"]
[WhiteElo "2302"]
[BlackElo "2159"]
[WhiteFideId "400289"]
[BlackFideId "12817082"]
[EventDate "2022.12.16"]

1. d4 Nf6 2. c4 e6 3. Nc3 d5 4. Nf3 c6 5. Bg5 h6 6. Bxf6 Qxf6 7. e3 Bd6 8. Qc2
O-O 9. Be2 Nd7 10. O-O-O dxc4 11. Bxc4 Qe7 12. g4 b5 13. Be2 a6 14. Kb1 Bb7 15.
g5 h5 16. g6 f5 17. Rhg1 c5 18. d5 b4 19. dxe6 Nf6 20. Na4 Be4 21. Rd3 Qxe6 22.
Ng5 Bxd3 23. Bxd3 Qe5 24. Bc4+ Kh8 25. Nf7+ Rxf7 26. gxf7 Qxh2 27. Rd1 Qe5 28.
f4 Qe7 29. Qxf5 Rd8 30. Nb6 Bc7 31. Rh1 Ng4 32. Rxh5+ Nh6 33. Qg5 Qe4+ 34. Kc1
Ra8 0-1

[Event "European Blitz 2022"]
[Site "Katowice POL"]
[Date "2022.12.16"]
[Round "13.93"]
[White "Cukrowski, Filip"]
[Black "Jonsson, Gauti Pall"]
[Result "1-0"]
[WhiteTitle "FM"]
[WhiteElo "2402"]
[BlackElo "2045"]
[WhiteFideId "1171097"]
[BlackFideId "2309092"]
[EventDate "2022.12.16"]

1. d4 Nf6 2. c4 b6 3. Nc3 Bb7 4. Nf3 g6 5. g3 Bg7 6. Bg2 O-O 7. O-O Ne4 8. Nxe4
Bxe4 9. d5 c6 10. Bh3 cxd5 11. cxd5 Bxf3 12. exf3 d6 13. Qa4 Qe8 14. Qxe8 Rxe8
15. Re1 Bf6 16. Bf4 Na6 17. Rad1 Bxb2 18. Bd7 Red8 19. Bc6 Rab8 20. Rxe7 Nb4 21.
Rxa7 Rbc8 22. Bd7 Ra8 23. Rxa8 Rxa8 24. Bxd6 Nxa2 25. Bc6 Rc8 26. Rd2 Rd8 27.
Rxb2 1-0

[Event "European Blitz 2022"]
[Site "Katowice POL"]
[Date "2022.12.16"]
[Round "13.94"]
[White "Sokolowski, Ryszard"]
[Black "Dragicevic, Drazen"]
[Result "1-0"]
[BlackTitle "FM"]
[WhiteElo "2020"]
[BlackElo "2345"]
[WhiteFideId "1103156"]
[BlackFideId "1707922"]
[EventDate "2022.12.16"]

1. d4 Nf6 2. c4 g6 3. Nc3 d5 4. cxd5 Nxd5 5. e4 Nxc3 6. bxc3 Bg7 7. Nf3 O-O 8.
Be2 c5 9. O-O Qa5 10. Be3 Rd8 11. Qb3 b6 12. Rfd1 cxd4 13. cxd4 Bb7 14. d5 Na6
15. Rac1 Rac8 16. Bd4 Qb4 17. Qe3 Nc5 18. h4 h5 19. Bxg7 Kxg7 20. Rd4 Qb2 21.
Rcd1 Nd7 22. Qg5 Nf6 23. R4d2 Qb4 24. Nd4 Nxe4 25. Nf5+ Kg8 26. Qh6 gxf5 27. Rd3
Rd6 28. Qf4 Rg6 29. Bxh5 Qd6 30. Qxf5 Rg7 31. Qxe4 Qh6 32. Bf3 e6 33. Qe5 Bxd5
34. Bxd5 exd5 35. Rxd5 Qg6 36. g3 Kh7 37. Rd8 Rxd8 38. Rxd8 Qb1+ 39. Kh2 Qg6 40.
Rd5 Qc2 41. Qf4 Qc6 42. Rh5+ Kg6 43. Qf5# 1-0

[Event "European Blitz 2022"]
[Site "Katowice POL"]
[Date "2022.12.16"]
[Round "13.95"]
[White "Walter, Ema"]
[Black "Kruckenhauser, Arthur"]
[Result "0-1"]
[BlackTitle "FM"]
[WhiteElo "2041"]
[BlackElo "2339"]
[WhiteFideId "14960710"]
[BlackFideId "1642812"]
[EventDate "2022.12.16"]

1. e4 c5 2. Nf3 d6 3. Nc3 Nf6 4. e5 dxe5 5. Nxe5 Bd7 6. g3 Nc6 7. Nf3 g6 8. Bg2
Bg7 9. O-O O-O 10. Re1 Rc8 11. d3 a6 12. a4 e6 13. Bg5 Qc7 14. Bf4 Qb6 15. Qc1
Nd5 16. Bd2 Rfe8 17. Ng5 Nd4 18. Nxd5 exd5 19. Bxd5 Ne2+ 20. Rxe2 Rxe2 21. Nxf7
Be6 22. Bxe6 Rxe6 23. Ng5 Bxb2 24. Qd1 Bxa1 25. Nxe6 Qxe6 26. Qxa1 Re8 27. Be3
Qd5 28. Qf6 Rf8 29. Qe7 Rf7 30. Qe8+ Kg7 31. Qc8 Qf5 32. Qxc5 Qxc5 33. Bxc5 g5
34. Kg2 Kg6 35. h3 h5 36. c3 g4 37. hxg4 hxg4 38. a5 Kf5 39. Bb6 Rd7 40. d4 Ke4
41. Bc5 Kd3 42. Bb4 Ke2 43. c4 0-1

[Event "European Blitz 2022"]
[Site "Katowice POL"]
[Date "2022.12.16"]
[Round "13.96"]
[White "Muter, Donny"]
[Black "Baliasnyj, Timur"]
[Result "1-0"]
[WhiteElo "2206"]
[BlackElo "2197"]
[WhiteFideId "409170"]
[BlackFideId "12802719"]
[EventDate "2022.12.16"]

1. d4 Nf6 2. Nf3 g6 3. c4 c5 4. d5 d6 5. Nc3 Bg7 6. Bg5 O-O 7. e4 a6 8. a4 Bg4
9. Be2 Nbd7 10. O-O Rb8 11. Nd2 Bxe2 12. Qxe2 Qa5 13. f4 Qb4 14. Qd3 Rfe8 15. h3
e6 16. dxe6 Rxe6 17. a5 b5 18. axb6 Rxb6 19. Ra4 Qxb2 20. Rb1 Qxc3 21. Qxc3 Nxe4
22. Qc1 Nxd2 23. Rxb6 Nxb6 24. Rxa6 Bd4+ 25. Kh2 Nbxc4 26. Bh6 Re8 27. Qd1 Ne4
28. Qa4 1-0

[Event "European Blitz 2022"]
[Site "Katowice POL"]
[Date "2022.12.16"]
[Round "13.97"]
[White "Wisniewski, Michal"]
[Black "Sidletskyi, Ivan"]
[Result "1-0"]
[WhiteTitle "FM"]
[WhiteElo "2168"]
[BlackElo "2152"]
[WhiteFideId "1159682"]
[BlackFideId "14156024"]
[EventDate "2022.12.16"]

1. Nf3 Nf6 2. c4 e6 3. g3 d5 4. Bg2 Be7 5. O-O O-O 6. b3 c5 7. e3 b6 8. Bb2 Ba6
9. Ne5 Nfd7 10. f4 f6 11. Nxd7 Qxd7 12. f5 Nc6 13. fxe6 Qd6 14. Bxd5 Rad8 15.
Nc3 Nb4 16. e4 Bc8 17. Nb5 Qb8 18. d4 a6 19. Nc3 cxd4 20. Ne2 d3 21. Nf4 Nc2 22.
Qxd3 Nxa1 23. Bxa1 g5 24. Ne2 Qc7 25. Kg2 h5 26. Nd4 1-0

[Event "European Blitz 2022"]
[Site "Katowice POL"]
[Date "2022.12.16"]
[Round "13.98"]
[White "Jedrusik, Adam"]
[Black "Raczek, Krzysztof"]
[Result "0-1"]
[WhiteElo "1951"]
[BlackElo "2161"]
[WhiteFideId "21802122"]
[BlackFideId "21005303"]
[EventDate "2022.12.16"]

1. d4 Nf6 2. c4 d6 3. Nc3 Nc6 4. e4 e5 5. d5 Nd4 6. Nge2 c5 7. dxc6 Nxc6 8. Bg5
Be7 9. Bxf6 Bxf6 10. Nd5 Bg5 11. g3 O-O 12. Bg2 Be6 13. O-O Rc8 14. f4 exf4 15.
gxf4 Bh6 16. Rc1 g6 17. Nd4 Bxd5 18. cxd5 Nxd4 19. Rxc8 Nf3+ 20. Rxf3 Qxc8 21.
Rc3 Qd8 22. Qf3 Qb6+ 23. Qf2 Bxf4 24. Qxb6 axb6 25. Rc7 Rb8 26. h3 Kf8 27. Bf1
Be5 28. b3 Re8 29. Bb5 Bd4+ 30. Kg2 Rxe4 31. Rxb7 Bc5 32. a4 h5 33. Rb8+ Kg7 34.
Bc4 h4 35. Ra8 Rd4 36. a5 Rd2+ 37. Kf3 bxa5 38. Rxa5 f5 39. Ra8 Rf2# 0-1

[Event "European Blitz 2022"]
[Site "Katowice POL"]
[Date "2022.12.16"]
[Round "13.100"]
[White "Kokol, Peter"]
[Black "Greicius, Pijus"]
[Result "1/2-1/2"]
[WhiteTitle "FM"]
[WhiteElo "2347"]
[BlackElo "2076"]
[WhiteFideId "14604523"]
[BlackFideId "12819093"]
[EventDate "2022.12.16"]

1. e4 e5 2. Nc3 Nf6 3. Bc4 Nc6 4. d3 Na5 5. Bb3 Nxb3 6. axb3 Bc5 7. Nf3 d6 8. d4
exd4 9. Nxd4 O-O 10. O-O Re8 11. Bg5 Be6 12. Qd3 c6 13. Rad1 Bg4 14. f3 Be6 15.
Kh1 h6 16. Bh4 a6 17. f4 Bg4 18. Rde1 Bxd4 19. Qxd4 c5 20. Qd3 Re6 21. Qg3 Bh5
22. e5 dxe5 23. fxe5 g5 24. exf6 Kh7 25. Rxe6 fxe6 26. Qe5 Bg6 27. Bg3 Qe8 28.
Rd1 b5 29. h3 Rd8 30. Rd6 b4 31. Na4 Rxd6 32. Qxd6 Be4 33. Qe7+ Qxe7 34. fxe7
Bg6 35. Nxc5 Kg7 36. Bd6 Kf7 37. Nxa6 Bxc2 38. Nc7 1/2-1/2

[Event "European Blitz 2022"]
[Site "Katowice POL"]
[Date "2022.12.16"]
[Round "14.2"]
[White "Alonso Rosell, Alvar"]
[Black "Deac, Bogdan-Daniel"]
[Result "1-0"]
[WhiteTitle "GM"]
[BlackTitle "GM"]
[WhiteElo "2561"]
[BlackElo "2700"]
[WhiteFideId "2270544"]
[BlackFideId "1226380"]
[EventDate "2022.12.16"]

1. d4 Nf6 2. c4 e6 3. Nf3 d5 4. g3 Be7 5. Bg2 O-O 6. O-O dxc4 7. Qc2 a6 8. a4
Bd7 9. Qxc4 Bc6 10. Bg5 Nbd7 11. Rd1 h6 12. Bxf6 Nxf6 13. Nc3 Qd6 14. Qd3 Rfd8
15. e4 Qb4 16. Ne5 Be8 17. Nc4 b5 18. axb5 axb5 19. Na3 Qxb2 20. Ra2 Qxa2 21.
Nxa2 Rxa3 22. Qb1 Ra4 23. e5 Nd5 24. Bxd5 exd5 25. Nc3 Rc4 26. Qd3 b4 27. Nxd5
Rxd5 28. Qxc4 c6 29. Ra1 Rd8 30. Ra7 Bf8 31. h4 Bd7 32. d5 b3 33. Qxb3 Bg4 34.
e6 cxd5 35. e7 Bxe7 36. Rxe7 Be6 37. Rb7 d4 38. Qb6 Rd5 39. Rb8+ Kh7 40. Rd8 Re5
41. Rxd4 Re1+ 42. Kg2 g5 43. hxg5 hxg5 44. Qa5 1-0

[Event "European Blitz 2022"]
[Site "Katowice POL"]
[Date "2022.12.16"]
[Round "14.3"]
[White "Yuffa, Daniil"]
[Black "Kazakouski, Valery"]
[Result "1-0"]
[WhiteTitle "GM"]
[BlackTitle "GM"]
[WhiteElo "2587"]
[BlackElo "2539"]
[WhiteFideId "24131423"]
[BlackFideId "13507443"]
[EventDate "2022.12.16"]

1. d4 Nf6 2. c4 e6 3. g3 d5 4. Bg2 dxc4 5. Nf3 Bd7 6. Ne5 Bc6 7. Nxc6 Nxc6 8.
O-O Qd7 9. e3 Rd8 10. Qc2 b5 11. a4 Nb4 12. Qd1 c6 13. axb5 cxb5 14. b3 Be7 15.
bxc4 bxc4 16. Qe2 Rc8 17. Na3 O-O 18. Rd1 Nbd5 19. Bd2 Nb6 20. Nb1 Nfd5 21. e4
c3 22. exd5 c2 23. Re1 cxb1=Q 24. Rexb1 Nxd5 25. Qd3 Bf6 26. Ra5 Ne7 27. Be3 Nc6
28. Bxc6 Rxc6 29. d5 exd5 30. Rxd5 Qe7 31. Rd7 Qe6 32. Rxa7 Rc3 33. Qd2 Qe4 34.
Rc1 Rxc1+ 35. Qxc1 h5 36. Rc7 Qg4 37. Rc4 Qf5 38. Qc2 Qh3 39. Qe4 Rd8 40. Rc1
Qd7 41. Kg2 h4 42. g4 Re8 43. Qf3 Be5 44. h3 Bf6 45. Rc5 Qe6 46. Rf5 Be7 47. Rh5
g6 48. Rb5 Rc8 49. Bd4 f6 50. Rb7 Re8 51. g5 f5 52. Rb6 Qf7 53. Qc6 Kh7 54. Rb7
Kg8 55. Bf6 Bxf6 56. Rxf7 Kxf7 57. Qxf6+ 1-0

[Event "European Blitz 2022"]
[Site "Katowice POL"]
[Date "2022.12.16"]
[Round "14.4"]
[White "Navara, David"]
[Black "Kowalski, Igor"]
[Result "1-0"]
[WhiteTitle "GM"]
[BlackTitle "IM"]
[WhiteElo "2684"]
[BlackElo "2344"]
[WhiteFideId "309095"]
[BlackFideId "1172468"]
[EventDate "2022.12.16"]

1. d4 Nf6 2. c4 g6 3. Nc3 Bg7 4. e4 d6 5. Nf3 O-O 6. Be2 e5 7. O-O Bg4 8. d5 a5
9. Be3 Na6 10. Nd2 Bxe2 11. Qxe2 Nd7 12. a3 f5 13. f3 f4 14. Bf2 h5 15. Rfb1 g5
16. b4 Bh6 17. c5 axb4 18. axb4 dxc5 19. bxc5 Naxc5 20. Rxa8 Qxa8 21. Qc4 Qa6
22. Nb5 Qa4 23. Qxa4 Nxa4 24. Nxc7 b6 25. Rc1 Rc8 26. Rc6 Bf8 27. Nb5 Ra8 28.
Nc4 Nac5 29. h3 Nd3 30. Bxb6 Ra1+ 31. Kh2 Ra2 32. Bg1 Ne1 33. Rc7 Nf6 34. Kh1
Rxg2 35. Nxe5 Rg3 36. d6 Rxh3+ 37. Bh2 Bxd6 38. Nxd6 g4 39. Rc8+ Kg7 40. Nf5+
Kh7 41. Rc7+ Kg8 42. Ng6 1-0

[Event "European Blitz 2022"]
[Site "Katowice POL"]
[Date "2022.12.16"]
[Round "14.5"]
[White "Wieczorek, Oskar"]
[Black "Moroni, Luca Jr"]
[Result "0-1"]
[WhiteTitle "GM"]
[BlackTitle "GM"]
[WhiteElo "2504"]
[BlackElo "2576"]
[WhiteFideId "1133950"]
[BlackFideId "865834"]
[EventDate "2022.12.16"]

1. e4 d6 2. d4 e5 3. dxe5 dxe5 4. Qxd8+ Kxd8 5. Bc4 f6 6. f3 Bc5 7. a4 a5 8. Nd2
c6 9. Nb3 Bb6 10. Bd2 Kc7 11. Ne2 Nd7 12. Nec1 Nc5 13. Nxc5 Bxc5 14. Nb3 Bb6 15.
f4 Bd7 16. fxe5 fxe5 17. Bc3 Re8 18. Nxa5 Nf6 19. Bd3 Bd4 20. Kd2 Rhf8 21. Nb3
c5 22. Bxd4 cxd4 23. Rhf1 Bc6 24. Rae1 Bxa4 25. Na5 b6 26. Nc4 Bb5 27. Rf5 Bxc4
28. Bxc4 Nxe4+ 0-1

[Event "European Blitz 2022"]
[Site "Katowice POL"]
[Date "2022.12.16"]
[Round "14.6"]
[White "Hovhannisyan, Robert"]
[Black "Schneider, Ilja"]
[Result "1-0"]
[WhiteTitle "GM"]
[BlackTitle "IM"]
[WhiteElo "2597"]
[BlackElo "2483"]
[WhiteFideId "13302507"]
[BlackFideId "4663306"]
[EventDate "2022.12.16"]

1. e4 e5 2. Nf3 d6 3. d4 exd4 4. Nxd4 Nf6 5. Nc3 Be7 6. Bf4 O-O 7. Qd2 d5 8.
O-O-O Bb4 9. exd5 Nxd5 10. Ndb5 c6 11. Nc7 Bxc3 12. bxc3 Qe7 13. Nxd5 cxd5 14.
Qxd5 Qa3+ 15. Kb1 Be6 16. Bd6 Qxc3 17. Qd2 Qxd2 18. Rxd2 Rd8 19. Bb5 Nc6 20.
Rhd1 Rac8 21. Bc5 Rxd2 22. Rxd2 h5 23. Be3 a6 24. Be2 g6 25. h3 Nb4 26. Kb2 Nxa2
27. Bf3 Nb4 28. Bxb7 Rb8 29. Bf3 Nd5+ 30. Kc1 Nxe3 31. fxe3 a5 32. Rd6 Kg7 33.
Ra6 Rb5 34. h4 Kf6 35. Kd2 g5 36. g3 gxh4 37. gxh4 Kg6 38. Be2 Rd5+ 39. Bd3+ Kf6
40. c4 Rc5 41. Kc3 Ke5 42. Ra7 Kd6 43. Kd4 Rc8 44. Rxa5 1-0

[Event "European Blitz 2022"]
[Site "Katowice POL"]
[Date "2022.12.16"]
[Round "14.7"]
[White "Lagarde, Maxime"]
[Black "Sahidi, Samir"]
[Result "0-1"]
[WhiteTitle "GM"]
[BlackTitle "IM"]
[WhiteElo "2584"]
[BlackElo "2494"]
[WhiteFideId "662399"]
[BlackFideId "14936372"]
[EventDate "2022.12.16"]

1. e4 c6 2. Nf3 d5 3. d3 dxe4 4. dxe4 Qxd1+ 5. Kxd1 Bg4 6. Be2 Nd7 7. Ne1 Bxe2+
8. Kxe2 O-O-O 9. Nd3 e6 10. Be3 b6 11. a4 Bd6 12. Nd2 Ne7 13. Nc4 Bc7 14. f3 Kb7
15. a5 Ng6 16. Ra2 f5 17. axb6 axb6 18. Rha1 Ra8 19. Rxa8 Rxa8 20. Rxa8 Kxa8 21.
exf5 exf5 22. Bd4 b5 23. Ne3 Ne7 24. Bxg7 Bxh2 25. f4 Bg3 26. Kf3 Bh4 27. Ne5
Bf6 28. Bxf6 Nxf6 29. g4 fxg4+ 30. N5xg4 Nd7 31. Nh6 Kb7 32. f5 Kc7 33. Kf4 Kd6
34. Nf7+ Kc5 35. Kg5 Kd4 36. Ng4 Nd5 37. Nd8 c5 38. Ne6+ Ke4 39. f6 h5 40. Kxh5
N7xf6+ 41. Nxf6+ Nxf6+ 42. Kg5 Nd7 43. Nc7 b4 44. Kg6 Ne5+ 45. Kf6 Nc4 46. Ne6
Kd5 47. Nf4+ Kd4 48. Ne6+ Kd5 49. Nf4+ Kc6 50. Kf5 Nxb2 51. Ke4 Kb5 52. Ke3 c4
53. Kd2 c3+ 54. Kc1 Nc4 55. Nd5 Ne5 56. Nc7+ Ka4 57. Nd5 Ka3 58. Kb1 Nc4 59. Kc1
Nd2 60. Ne3 Nf3 61. Nd5 Nd4 62. Ne3 b3 63. cxb3 Kxb3 64. Kb1 Ne2 65. Nc2 Kc4 66.
Na3+ Kd3 67. Ka2 Nc1+ 68. Kb1 Nb3 69. Ka2 Na5 70. Kb1 Kd2 71. Ka2 Kd1 72. Nb5 c2
73. Nc3+ Kc1 74. Ne4 Nc4 75. Nc5 Kd1 76. Nd3 Kd2 77. Nc5 Na5 78. Ne4+ Kc1 79.
Nc5 Nc6 80. Nb3+ Kd1 81. Kb2 Ne5 82. Kc3 Nf3 83. Kd3 Nd2 84. Kd4 0-1

[Event "European Blitz 2022"]
[Site "Katowice POL"]
[Date "2022.12.16"]
[Round "14.8"]
[White "Donchenko, Alexander"]
[Black "Seo, Jung Min"]
[Result "1-0"]
[WhiteTitle "GM"]
[BlackTitle "IM"]
[WhiteElo "2636"]
[BlackElo "2502"]
[WhiteFideId "24603295"]
[BlackFideId "1734687"]
[EventDate "2022.12.16"]

1. Nf3 d5 2. g3 g6 3. Bg2 Bg7 4. d4 Nf6 5. O-O O-O 6. Be3 c6 7. Qc1 Re8 8. Bh6
Bg4 9. Bxg7 Kxg7 10. c4 Nbd7 11. Nbd2 Rc8 12. h3 Bxf3 13. Nxf3 dxc4 14. Qxc4 e5
15. dxe5 Nxe5 16. Nxe5 Rxe5 17. Rfd1 Qe7 18. e3 Rd8 19. Qc3 Re6 20. Rd4 Red6 21.
Qa3 a6 22. Rc1 Qc7 23. Rxd6 Qxd6 24. Qc3 Qd2 25. Kf1 h5 26. Bf3 Rd6 27. Rc2 Qxc3
28. Rxc3 Nd7 29. Ke1 Kf6 30. h4 Ke7 31. Be2 Rd5 32. Rb3 Nc5 33. Rb4 b5 34. g4
hxg4 35. Rxg4 Nd3+ 36. Bxd3 Rxd3 37. Rg5 Rd6 38. h5 gxh5 39. Rxh5 a5 40. a4 bxa4
41. Rxa5 Rd8 42. Rxa4 Rb8 43. Ra2 Kd6 44. Kd2 f5 45. Kc3 c5 46. Ra4 Kd5 47. Rh4
Rb7 48. Rh6 Rb8 49. Rf6 Ke5 50. Rf7 Ke6 51. Rh7 Ke5 52. f4+ Kd5 53. Re7 Kd6 54.
Re5 Rf8 55. Kc4 Rb8 56. b3 Rb4+ 57. Kc3 1-0

[Event "European Blitz 2022"]
[Site "Katowice POL"]
[Date "2022.12.16"]
[Round "14.9"]
[White "Abdrlauf, Elham"]
[Black "Saraci, Nderim"]
[Result "1-0"]
[WhiteTitle "IM"]
[BlackTitle "IM"]
[WhiteElo "2518"]
[BlackElo "2468"]
[WhiteFideId "1533533"]
[BlackFideId "6351921"]
[EventDate "2022.12.16"]

1. e4 e5 2. Nc3 Bc5 3. Bc4 d6 4. d3 Nf6 5. f4 Be6 6. Bxe6 fxe6 7. Nf3 exf4 8.
Bxf4 O-O 9. Qd2 Nc6 10. a3 e5 11. Bg5 Qe8 12. O-O-O Nd4 13. Nxd4 Bxd4 14. Rhf1
Qg6 15. Bxf6 Rxf6 16. Nd5 Rf7 17. Rf5 c6 18. Rdf1 Rd7 19. Rg5 cxd5 20. Rxg6 hxg6
21. exd5 Rc8 22. Qg5 Rf7 23. Rxf7 Kxf7 24. c3 Bb6 25. Qg4 Re8 26. Qd7+ Re7 27.
Qxd6 g5 28. Kc2 Bg1 1-0

[Event "European Blitz 2022"]
[Site "Katowice POL"]
[Date "2022.12.16"]
[Round "14.10"]
[White "Klekowski, Maciej"]
[Black "Kozak, Antoni"]
[Result "0-1"]
[WhiteTitle "GM"]
[WhiteElo "2477"]
[BlackElo "2422"]
[WhiteFideId "1132717"]
[BlackFideId "21832030"]
[EventDate "2022.12.16"]

1. c4 Nf6 2. Nc3 c5 3. g3 d5 4. cxd5 Nxd5 5. Bg2 Nc7 6. d3 e5 7. Nf3 Nc6 8. O-O
Be7 9. a4 O-O 10. Nd2 Be6 11. a5 Nd5 12. Nc4 f6 13. Qa4 Rc8 14. Rd1 Ndb4 15. Bd2
Nd4 16. Rdc1 Bd7 17. Qd1 Bc6 18. Ne4 f5 19. Bxb4 fxe4 20. Be1 Bg5 21. Rc3 exd3
22. Qxd3 Bxg2 23. Kxg2 Qd5+ 24. e4 Qe6 25. Ne3 Bxe3 26. Qxe3 Rf3 27. Qd2 Nb3 28.
Rxb3 Rxb3 29. Rd1 Rf8 30. Qe2 Rbf3 31. Rd5 b6 32. Qc4 Qf7 33. Qc2 Qf6 34. Qd2
Kh8 35. Rd6 Qf7 36. axb6 axb6 37. Rxb6 Rb3 38. Rd6 Qf3+ 39. Kg1 c4 40. Rd8 h6
41. Rxf8+ Qxf8 42. Qc2 Qc5 43. Bc3 Rb8 44. Qd2 Rf8 45. Kg2 Qc6 46. f3 Qc5 47. h4
Re8 48. Qd7 Qe7 49. Qc6 Qe6 50. Qc7 Kh7 51. f4 Qg6 52. f5 Qg4 53. Qxc4 Rd8 54.
f6 gxf6 55. b4 Rg8 56. Qd3 Qxh4 57. b5 Qg4 58. b6 Rg7 59. Be1 Qd7 60. Qb3 Qc6
61. Kf3 f5 62. Bf2 Qxe4# 0-1

[Event "European Blitz 2022"]
[Site "Katowice POL"]
[Date "2022.12.16"]
[Round "14.11"]
[White "Gaehwiler, Gabriel"]
[Black "Alexakis, Dimitris"]
[Result "0-1"]
[WhiteTitle "IM"]
[BlackTitle "IM"]
[WhiteElo "2408"]
[BlackElo "2486"]
[WhiteFideId "1314530"]
[BlackFideId "4277023"]
[EventDate "2022.12.16"]

1. d4 Nf6 2. c4 c5 3. e3 g6 4. Nf3 Bg7 5. Be2 O-O 6. O-O cxd4 7. Nxd4 d5 8. Nc3
e5 9. Nb3 dxc4 10. Qxd8 Rxd8 11. Na5 e4 12. Bxc4 b6 13. Nb3 Nc6 14. Bd2 Ne5 15.
Be2 Nd3 16. Rab1 Bb7 17. Rfd1 h5 18. Nd4 Ng4 19. Bxg4 hxg4 20. Nce2 Rac8 21. Bc3
Bd5 22. Nf4 Nxf4 23. exf4 Bxa2 24. Ra1 Bc4 25. Rxa7 Bb3 0-1

[Event "European Blitz 2022"]
[Site "Katowice POL"]
[Date "2022.12.16"]
[Round "14.12"]
[White "Drozdowski, Kacper"]
[Black "Santos Latasa, Jaime"]
[Result "0-1"]
[WhiteTitle "IM"]
[BlackTitle "GM"]
[WhiteElo "2448"]
[BlackElo "2668"]
[WhiteFideId "1136720"]
[BlackFideId "2293307"]
[EventDate "2022.12.16"]

1. e4 c5 2. Nf3 e6 3. d4 cxd4 4. Nxd4 Nc6 5. Nc3 Qc7 6. Be2 Nf6 7. Be3 a6 8. O-O
Be7 9. f4 d6 10. Kh1 O-O 11. a4 Re8 12. Nb3 b6 13. Bd3 Rb8 14. Qf3 Nb4 15. Qg3
Bb7 16. Bd4 g6 17. Rae1 Nxd3 18. cxd3 b5 19. axb5 axb5 20. f5 e5 21. Be3 b4 22.
fxg6 fxg6 23. Nd1 Rf8 24. Bg5 Nh5 25. Qh4 Bxg5 26. Qxg5 Nf4 27. Nf2 Qc2 28. Na5
Ba6 29. Qe7 Bxd3 30. Rc1 Qe2 31. Rce1 Qxb2 32. Qxd6 Bxf1 33. Rxf1 Qe2 34. Kg1
Rbe8 35. Nc6 b3 36. Ne7+ Rxe7 37. Qxe7 b2 38. Qb7 Kh8 39. h3 Nd3 40. Qe7 Qxf1+
41. Kxf1 b1=Q+ 42. Ke2 Rxf2+ 0-1